<?xml version="1.0" encoding="UTF-8"?>
<marc:record xmlns:marc="http://www.loc.gov/MARC21/slim">
   <marc:leader>00000nam a2200000 a 4500</marc:leader>
   <marc:datafield ind1="1" ind2=" " tag="100">
      <marc:subfield code="a">Städing, Sabine</marc:subfield>
      <marc:subfield code="4">aut</marc:subfield>
      <marc:subfield code="e">Verfasser/-in</marc:subfield>
   </marc:datafield>
   <marc:datafield ind1="0" ind2="0" tag="245">
      <marc:subfield code="a">Petronella Apfelmus, Bd. 2</marc:subfield>
   </marc:datafield>
   <marc:datafield ind1="0" ind2="0" tag="245">
      <marc:subfield code="b">Zauberschlaf und Knallfroschchaos</marc:subfield>
   </marc:datafield>
   <marc:datafield ind1="0" ind2="0" tag="245">
      <marc:subfield code="c">Städing, Sabine</marc:subfield>
   </marc:datafield>
   <marc:datafield ind1=" " ind2="1" tag="264">
      <marc:subfield code="c">2015</marc:subfield>
   </marc:datafield>
   <marc:datafield ind1="1" ind2=" " tag="520">
      <marc:subfield code="a">Petronella Apfelmus und die Kuchenbrand-Zwillinge freuen sich, als ein Zirkus in der Stadt seine Zelte aufschlägt. Schnell freunden sich Lea und Luis mit einigen Zirkuskindern an. Endlich können sie mal sehen, wie es hinter den Kulissen zugeht. Im Zirkus fällt den Zwillingen jedoch Spitzbartrix auf, der den erkrankten Zirkusdirektor vertritt: Er treibt die kleinen Artisten zu viel zu hartem Training an. Als Lea und Luis mitbekommen, wie er eines der Kinder zwingt, eine Trapeznummer ohne Sicherung vorzuführen, hört der Spaß auf: Petronella muss helfen - und zwar schnell!</marc:subfield>
   </marc:datafield>
   <marc:datafield ind1=" " ind2=" " tag="020">
      <marc:subfield code="a">9783414824158</marc:subfield>
      <marc:subfield code="9">9783414824158</marc:subfield>
   </marc:datafield>
   <marc:datafield ind1=" " ind2=" " tag="020">
      <marc:subfield code="a">3414824159</marc:subfield>
      <marc:subfield code="9">3414824159</marc:subfield>
   </marc:datafield>
   <marc:datafield ind1=" " ind2=" " tag="338">
      <marc:subfield code="a">Band</marc:subfield>
   </marc:datafield>
   <marc:datafield ind1=" " ind2=" " tag="300">
      <marc:subfield code="a">207 S.</marc:subfield>
   </marc:datafield>
</marc:record>
